City states puzzle quiz - Statistics

General Stats
  • This quiz has been taken 22 times
  • The average score is 10 of 15
Answer Stats
Puzzle City % Correct
Lol+angel Los Angeles
94%
Saint+france+CISCO San Francisco
94%
my+i'am+i Miami
89%
Milk+Wow+key Milwaukee
89%
Mine+a+propolis Minneapolis
89%
Saint Biengo San Diego
78%
faroe+nix Phoenix
72%
house+Town Houston
67%
niue+yo New York
61%
suck+ment Sacramento
61%
Albania Albany
56%
las Dallas Las Vegas
44%
sell+las Dallas
39%
for+Land Portland
39%
SOS+Le Seattle
28%
No matching quizzes found
Score Distribution
Percent of People with Each Score
Percentile by Number Answered
Your Score History
You have not taken this quiz